Civil engineering project management
Kaydedildi:
| Asıl Yazarlar: | , |
|---|---|
| Materyal Türü: | Kitap |
| Dil: | İngilizce |
| Baskı/Yayın Bilgisi: |
Londres
Spon Press
2004
Nueva York Taylor and Francis 2004 |
| Edisyon: | 4a. ed |
| Konular: | |
| Etiketler: |
Etiketle
Etiket eklenmemiş, İlk siz ekleyin!
|
MARC
| LEADER | 00000cam a2200000 a 4500 | ||
|---|---|---|---|
| 001 | UCE5410 | ||
| 003 | CL-VaPUC | ||
| 008 | 141230e20040000uk |||||||||||||||||eng|d | ||
| 020 | |a 9780750657310 | ||
| 082 | 0 | 4 | |a 624.0299 |b TWO |2 21 |
| 100 | 0 | |a Twort, Alan C |e author |9 578033 | |
| 700 | 0 | |a Rees, J. Gordon |e author |9 578034 | |
| 245 | 1 | 0 | |a Civil engineering project management |
| 250 | |a 4a. ed | ||
| 300 | |a 263 p | ||
| 942 | |c BK | ||
| 945 | |d 20141230 16:04:00 |a arojas | ||
| 260 | |a Londres |b Spon Press |c 2004 | ||
| 260 | |a Nueva York |b Taylor and Francis |c 2004 | ||
| 650 | 0 | |a Ingeniería civil |9 260076 | |
| 650 | 0 | |a Gestión de proyectos |9 260970 | |
| 583 | |a last modification |c 20170510 01:24:58 |k Rodrigo Vera | ||
| 999 | |c 358138 |d 358136 | ||
| 952 | |0 0 |1 0 |3 erb |4 0 |6 624_029900000000000_TWO_2004_2004 |7 0 |8 A |9 466646 |a BIBING |b BIBING |i 5133386 |o 624.0299 TWO 2004 2004 |p 5133386 |r 2025-01-20 |w 2019-11-23 |y BK |z Catalogado en:20141230 |k CIC | ||
| 952 | |0 0 |1 0 |3 erb |4 0 |6 624_029900000000000_TWO_2004_2004 |7 0 |8 A |9 466647 |a BIBING |b BIBING |i 5133394 |o 624.0299 TWO 2004 2004 |p 5133394 |r 2025-01-20 |w 2019-11-23 |y BK |z Catalogado en:20141230 |k CIC | ||
| 952 | |0 0 |1 0 |3 erb |4 0 |6 624_029900000000000_TWO_2004_2004 |7 0 |8 A |9 466648 |a BIBING |b BIBING |i 5133408 |o 624.0299 TWO 2004 2004 |p 5133408 |r 2025-01-20 |w 2019-11-23 |y BK |z Catalogado en:20141230 |k CIC | ||